Jeux de mots - Noms communs - Statistiques

Statistiques générales
  • Ce quiz a été pris 235 fois
  • Le résultat moyen est 12 sur 15
Statistiques - réponses
Indices Réponses % Correct
- Ne dit pas la vérité- Contraire de tard Manteau
97%
- En musique, 2e note de la gamme- Femme politique française prénommée Simone qui s'est battue pour le droit à l'avortement Réveil
95%
- De neige, de pétanque ou de billard- Opposé au démon - Il peut être cantonais ou pilaf Boulangerie
94%
- Contraire de moche- Organe de l'odorat entre le front et la bouche Bonnet
93%
- Opposé à haut- Contraire de court Ballon
92%
- Contraire de froid- Le nombre de péchés capitaux Chaussette
91%
- Contraire de vivante- Interprète britannique de "Someone like you" et "Hello" Mortadelle
89%
- Cochon- Meuble où l'on mange dessus Portable
87%
- Marié à mamie- Atome chargé électriquement Papillon
79%
- Golden Gate à San Francisco- Possède 5 orteils Pompier
77%
- 365 jours- Petit du cerf Enfant
68%
- Empreinte laissée sur le sol- Plante potagère à racine comestible rose et blanche, achetée en bottes Paradis
65%
- Flammes dans la cheminée- Venir au monde Fenêtre
63%
- Bus scolaire- Première lettre de l'alphabet
- Ville du Morbihan ou synonyme de blague
Caravanne
56%
- Partie du corps composé de 7 vertèbres- Couleur de Hulk Couvert
49%
Aucun quiz correspondant
Distribution des résultats
% des personnes avec chaque résultat
Percentile par nombre de réponses
Votre historique - résultats
Vous n’avez pas pris ce quiz